| 000 | 00341nam a2200133Ia 4500 | ||
|---|---|---|---|
| 005 | 20260326235439.0 | ||
| 008 | 260326s9999||||xx |||||||||||||| ||und|| | ||
| 100 | _aMindlin, Henrique E | ||
| 245 | 0 |
_aModern Architecture Brazil / _cHenrique E Mindlin |
|
| 260 | _bColibris | ||
| 300 | _a256 p. | ||
| 650 | _aARQUITECTURA REGIONAL | ||
| 942 | _cBK | ||
| 999 |
_c7348 _d7348 |
||